Pripravenosť ľudských zdrojov pre proces informatizácie
Problematika informačnej gramotnosti ľudských zdrojov vo verejnej správe. Výsledky prieskumu digitálnej gramotnosti zamestnancov vo verejnej správe. Projekt vyškolenia všetkých zamestnancov štátnej správy v SR - Európsky vodičský preukaz na počítače (ECDL). Koľko to bude stáť. Komparácia riešenia pr...
Gespeichert in:
| 1. Verfasser: | |
|---|---|
| Format: | Buchkapitel |
| Sprache: | Slowakisch |
| Schlagworte: | |
| Tags: |
Keine Tags, Fügen Sie das erste Tag hinzu!
|
MARC
| LEADER | 00000nla$a2200000$$$4500 | ||
|---|---|---|---|
| 001 | 0090181 | ||
| 005 | 20240502072015.5 | ||
| 041 | 0 | |a slo | |
| 044 | |a SK | ||
| 245 | 1 | 0 | |a Pripravenosť ľudských zdrojov pre proces informatizácie |c Ingrid Potisková |
| 520 | |a Problematika informačnej gramotnosti ľudských zdrojov vo verejnej správe. Výsledky prieskumu digitálnej gramotnosti zamestnancov vo verejnej správe. Projekt vyškolenia všetkých zamestnancov štátnej správy v SR - Európsky vodičský preukaz na počítače (ECDL). Koľko to bude stáť. Komparácia riešenia predmetnej problematiky u nás a v susedných štátoch. | ||
| 610 | 2 | 0 | |a informatizácia |
| 610 | 2 | 0 | |a počítače |
| 610 | 2 | 0 | |a vzdelávanie |
| 610 | 2 | 0 | |a technológie informačné |
| 610 | 2 | 0 | |a správa verejná |
| 610 | 2 | 0 | |a zamestnanci |
| 610 | 2 | 0 | |a zdroje ľudské |
| 610 | 2 | 0 | |a certifikácia |
| 610 | 2 | 0 | |a Slovensko |
| 100 | 1 | |a Potisková, Ingrid | |